| 000 | 00509nam a2200145 i 4500 | ||
|---|---|---|---|
| 001 | 161027 | ||
| 003 | ES-MaACL | ||
| 005 | 20230906212159.0 | ||
| 008 | 931025s1879 fr |||| | fre d | ||
| 100 | 1 |
_aOppenheim, Ancel. _9130661 |
|
| 245 | 1 | 0 |
_aConnaissances necessaires aux amateur d'objets d'art et de curiosité / _cAncel Oppenheim. |
| 260 |
_aParis : _blib. ancien et modern Edouard Rouveyre, _c1879 ( _eDijon : _fDarantiere) |
||
| 300 |
_a190 p. ; _c20 cm. |
||
| 852 |
_aES-MaACL _jG-11657 _z-- Enc. hol. |
||
| 999 |
_c161027 _d161027 |
||